LEADER 01246nam a2200277 u 4500 001 000000009390 003 CaOOAMICUS 005 20070226105211.0 008 941202m19649999it u000 u ita u 035 $a10236037 040 $aPUL$bita 041 0 $aita$agrc 100 1 $aLancellotti, Angelo,$cO.F.M.$0(OLS)http://pul/name/9288 245 10$aSintassi ebraica nel greco dell'Apocalisse.$nI,$pUso delle forme verbali /$cAngelo Lancellotti. 260 $aAssisi :$bStudio teologico "Porziuncola",$c1964- 300 $a131 p. ;$c23 cm 490 1 $aCollectio Assisiensis ;$v1 630 04$aBiblia.$pN.T.$pApocalypsis$xCritica e interpretazione.$0(OLS)http://pul/subject/7796 650 4$aLingua greca biblica.$0(OLS)http://pul/subject/7797 830 0$aCollectio Assisiensis ;$v1.$0(OLS)http://pul/title/4003 850 $aPUL 852 $aPUL$W1$xDP1 Fondo Ciprotti$y59$m1532 G 20$j13304$nBK-PRI$b $qFondi$B13304$CPULBib$Z2$F13304 $H $81 941 1 $a1 961 $aINV: 0192. Fondo Ciprotti 996 $6245$aSintassi ebraica nel greco dell'Apocalisse.$nI,$pUso delle forme verbali$9(OLS)http://pul/title/13795 996 $6260$aAssisi :$bStudio teologico "Porziuncola"$9(OLS)http://pul/publisher/52452 LEADER 01311nam a2200301 u 4500 001 000000044494 003 CaOOAMICUS 005 20070226114545.0 008 990427s1984 it u000 u ita u 035 $a10821536 040 $aPUL(R)$bita 245 00$aLibertą scolastica nella costituzione italiana. 260 $aRoma :$b[s.n.],$c1984. 300 $a128 p. :$btav. ;$c23 cm 490 1 $aQuaderni Fidae.$aSeconda serie ;$v5 500 $aContiene indici. 500 $aIn testa al front.: Federazione istituti di attivitą educative. 504 $aBibliografia in nota. 505 0 $aPt.1: Saggio storico-critico / di Giovanni Fagiolo. -- Pt.2: Documenti:Risoluzioni del Parlamento Europeo 14.3.84. 650 4$aScuole cattoliche$zItalia.$0(OLS)http://pul/subject/2959 650 4$aLibertą di educazione.$0(OLS)http://pul/subject/19335 830 0$aQuaderni Fidae.$nSeconda serie ;$v5.$0(OLS)http://pul/title/59963 850 $aPUL 852 $aPUL$W1$xDP1 Cons. Gen., Altre Classi 1$y22$m43 D 10$j59879$nBK-PRI$b $qStampati$B59879$CPULBib$Z2$F59879 $H $81 941 1 $a8 961 $aINV: 59891 996 $6245$aLibertą scolastica nella costituzione italiana$9(OLS)http://pul/title/59973 996 $6260$aRoma :$b[s.n.]$9(OLS)http://pul/publisher/47958 LEADER 01062naa a2200217 u 4500 001 000000099324 003 CaOOAMICUS 005 20070226130158.0 008 050930s1992 it u000 u ita u 035 $a11060919 040 $aIAR$bita 100 1 $aPotestą, Gian Luca.$0(OLS)http://pul/name/3523 245 10$a[Recensione :] D. Burr: Olivi and Franciscan poverty. The origins of the >usus pauper< controversy /$cGian Luca Potestą. 260 $aBologna :$bEd. Dehoniane,$c1992. 300 $aS. 222-225 ;$c22 cm 600 14$aBurr, David,$d1934-$tOlivi and Franciscan poverty : the origins of the usus pauper controversy.$0(OLS)http://pul/subject/31749 730 0 $aCristianesimo nella storia$g[Spogli].$0(OLS)http://pul/title/7312 773 0 $aCristianesimo nella storia ;.$tvol. XIII (1992) 773 0 $tCristianesimo nella storia$w()5012 996 $6245$a[Recensione :] D. Burr: Olivi and Franciscan poverty. The origins of the >usus pauper< controversy$9(OLS)http://pul/title/126202 996 $6260$aBologna :$bEd. Dehoniane$9(OLS)http://pul/publisher/48282